[Event "World op 20th"]
[Site "Philadelphia"]
[Date "1992.??.??"]
[Round "7"]
[White "Rind, Bruce"]
[Black "Belakovskaia, Anjelina"]
[Result "1/2-1/2"]
[WhiteElo "2375"]
[BlackElo "2290"]
[PlyCount "78"]
[EventDate "1992.06.??"]
[EventType "swiss"]
[EventRounds "9"]
[EventCountry "USA"]
[SourceTitle "TD"]
[Source "ChessBase"]
[SourceDate "1994.03.01"]
[SourceVersion "1"]
[SourceVersionDate "1994.03.01"]
[SourceQuality "1"]

1. c4 Nf6 2. Nf3 g6 3. Nc3 Bg7 4. d4 d6 5. g3 0-0 6. Bg2 Nc6 7. 0-0 e5 8. d5 Ne7 9. c5 Ne8 10. cxd6 Nxd6 11. e4 c6 12. dxc6 bxc6 13. Bg5 h6 14. Be3 Be6 15. Bc5 Nec8 16. Qa4 Qc7 17. Rfd1 Rd8 18. Rac1 Nb6 19. Qc2 Rac8 20. b3 Nb7 21. Be3 Rxd1+ 22. Rxd1 Rd8 23. Rxd8+ Qxd8 24. Qd2 Qf8 25. Ne1 Nc5 26. h4 a5 27. Nd3 Nxd3 28. Bxb6 Qb4 29. Bc7 Nc5 30. Qd8+ Kh7 31. Bxa5 Qa3 32. Qb6 Nd3 33. Bf1 Ne1 34. Bb4 Nf3+ 35. Kg2 Qc1 36. Qa6 Ne1+ 37. Kh2 Nf3+ 38. Kg2 Ne1+ 39. Kh2 Nf3+ 1/2-1/2

[Event "Berliner Sommer 10th"]
[Site "Berlin"]
[Date "1992.??.??"]
[Round "?"]
[White "Rind, Bruce"]
[Black "Piskov, Yury"]
[Result "0-1"]
[WhiteElo "2375"]
[BlackElo "2500"]
[PlyCount "81"]
[EventDate "1992.08.??"]
[EventType "swiss"]
[EventRounds "9"]
[EventCountry "GER"]
[SourceTitle "EXT 1998"]
[Source "ChessBase"]
[SourceDate "1997.11.17"]
[SourceVersion "1"]
[SourceVersionDate "1997.11.17"]
[SourceQuality "1"]

1. c4 e6 2. Nf3 d5 3. g3 Nf6 4. Bg2 dxc4 5. Na3 Bxa3 6. bxa3 c6 7. Qc2 b5 8. Bb2 Bb7 9. a4 Nbd7 10. 0-0 0-0 11. Nd4 Qb6 12. axb5 cxb5 13. Bxb7 Qxb7 14. a4 a6 15. axb5 axb5 16. Rfb1 e5 17. Nf5 g6 18. Ne3 Ne4 19. h4 Nec5 20. Bc3 Rxa1 21. Bxa1 Nb3 22. Bc3 Qc6 23. Qb2 f6 24. d3 Rb8 25. Nc2 Ndc5 26. Nb4 Qe6 27. Qa3 Na4 28. Be1 Nd4 29. Qa2 Nc5 30. Qa7 Rc8 31. Qa2 Kg7 32. f3 cxd3 33. Qxe6 Ncxe6 34. Nxd3 Nxe2+ 35. Kf1 N2d4 36. f4 e4 37. Nb4 Nf3 38. Nd5 Rc5 39. Ne3 Nxe1 40. Kxe1 Nd4 41. Rb4 0-1

[Event "Lloyds Bank op 15th"]
[Site "London"]
[Date "1991.??.??"]
[Round "8"]
[White "Rind, Bruce"]
[Black "Hassabis, Demis"]
[Result "1-0"]
[WhiteElo "2390"]
[BlackElo "2285"]
[PlyCount "93"]
[EventDate "1991.08.??"]
[EventType "swiss"]
[EventRounds "10"]
[EventCountry "ENG"]
[SourceTitle "TD"]
[Source "ChessBase"]
[SourceDate "1994.03.01"]
[SourceVersion "1"]
[SourceVersionDate "1994.03.01"]
[SourceQuality "1"]

1. c4 e5 2. Nc3 f5 3. g3 Nf6 4. Bg2 Bb4 5. Qb3 Na6 6. Nf3 d6 7. 0-0 Bxc3 8. Qxc3 Nc5 9. d4 exd4 10. Nxd4 0-0 11. Qc2 Nfe4 12. b4 Na6 13. a3 c5 14. Nxf5 Bxf5 15. Bxe4 Qf6 16. Bxf5 Qxf5 17. Qxf5 Rxf5 18. b5 Nc7 19. Bf4 Re8 20. Bxd6 Na8 21. e4 Rxe4 22. Rfe1 Rxe1+ 23. Rxe1 Nb6 24. Re8+ Kf7 25. Re7+ Kg6 26. Rxb7 Nxc4 27. Bb8 Nxa3 28. Bxa7 c4 29. b6 Nb5 30. Re7 Nxa7 31. bxa7 Ra5 32. Kf1 c3 33. Ke2 c2 34. Kd2 Ra2 35. Kc1 Kf6 36. Rc7 Kg6 37. f4 h6 38. Rb7 Kf6 39. Rc7 Kg6 40. Rb7 Kf6 41. g4 g6 42. h4 h5 43. g5+ Kf5 44. Rf7+ Ke4 45. Kd2 Kd5 46. f5 gxf5 47. g6 1-0

[Event "Quebec op"]
[Site "Montreal"]
[Date "1990.08.05"]
[Round "2"]
[White "Rind, Bruce"]
[Black "Cossette, Daniel"]
[Result "1-0"]
[WhiteElo "2395"]
[BlackElo "2027"]
[PlyCount "120"]
[EventDate "1990.08.04"]
[EventType "swiss"]
[EventRounds "8"]
[EventCountry "CAN"]
[SourceTitle "EXT 2022"]
[Source "ChessBase"]
[SourceDate "2021.10.06"]
[SourceVersion "1"]
[SourceVersionDate "2021.10.06"]
[SourceQuality "1"]

1. c4 c5 2. g3 g6 3. Bg2 Bg7 4. Nc3 Nc6 5. e4 e6 6. Nge2 Nge7 7. 0-0 0-0 8. d3 d6 9. Be3 a6 10. d4 cxd4 11. Nxd4 Rb8 12. Rc1 f5 13. exf5 gxf5 14. f4 e5 15. Nde2 Be6 16. Nd5 e4 17. Bb6 Qd7 18. Qd2 Rfc8 19. Rfd1 Bxd5 20. cxd5 Nd8 21. Nc3 Nf7 22. b3 Bxc3 23. Rxc3 Rxc3 24. Qxc3 Qb5 25. Qd4 Qe2 26. a4 Rc8 27. Bf1 Qf3 28. Bc4 Kf8 29. Rf1 Qg4 30. Kg2 Ng6 31. Qf6 Ne7 32. h3 Qh5 33. a5 Qg6 34. Qd4 h5 35. Kh2 Qg7 36. Re1 Ng6 37. Qf2 Nh6 38. Bd4 Qe7 39. Qe2 h4 40. Qh5 hxg3+ 41. Kxg3 Qh7 42. Rg1 Ke7 43. Kf2 Rg8 44. Ke3 Ne5 45. Rxg8 Nxc4+ 46. bxc4 Qxg8 47. Kf2 Qh7 48. Bc3 Kd7 49. Bf6 e3+ 50. Kxe3 Qg8 51. Kf2 Nf7 52. Qxf5+ Kc7 53. Bd4 Qe8 54. Qe6 Qg8 55. c5 Qf8 56. cxd6+ Kb8 57. d7 Nd8 58. Be5+ Ka8 59. Qd6 Qxd6 60. Bxd6 Nf7 1-0

[Event "Philadelphia"]
[Site "Philadelphia"]
[Date "1988.??.??"]
[Round "13"]
[White "Rind, Bruce"]
[Black "Klein, Lawrence"]
[Result "1-0"]
[WhiteElo "2375"]
[BlackElo "2285"]
[PlyCount "119"]
[EventDate "1988.??.??"]
[EventType "tourn"]
[EventRounds "13"]
[EventCountry "USA"]
[EventCategory "3"]
[SourceTitle "EXT 2006"]
[Source "ChessBase"]
[SourceDate "2005.11.24"]
[SourceVersion "1"]
[SourceVersionDate "2005.11.24"]
[SourceQuality "1"]

1. c4 Nf6 2. Nf3 c5 3. Nc3 e6 4. g3 b6 5. Bg2 Bb7 6. d4 cxd4 7. Qxd4 Be7 8. 0-0 0-0 9. Rd1 a6 10. Bf4 Nc6 11. Qd2 Rc8 12. b3 Bb4 13. Qb2 Ne7 14. Be5 Nc6 15. Bd6 Bxd6 16. Rxd6 Qc7 17. Rad1 Ne7 18. R6d3 d5 19. cxd5 Nexd5 20. Nxd5 Bxd5 21. Ne5 Bxg2 22. Kxg2 Qc2 23. Qxc2 Rxc2 24. R3d2 Rxd2 25. Rxd2 Rb8 26. Rc2 h6 27. Rc6 a5 28. Kf3 Rb7 29. Nc4 Nd7 30. Rc8+ Kh7 31. Nd6 Ra7 32. Nxf7 a4 33. h4 Kg6 34. Nd6 axb3 35. axb3 Ra3 36. Rc3 Nc5 37. Nc4 Rxb3 38. Rxb3 Nxb3 39. Nxb6 Kf5 40. g4+ Ke5 41. Ke3 Na5 42. f4+ Kd6 43. Ke4 Nc6 44. Nc4+ Ke7 45. Ne5 Nb4 46. e3 Nd5 47. Kf3 Kf6 48. h5 Nc3 49. Ng6 Kf7 50. e4 Kf6 51. e5+ Kf7 52. f5 Nb5 53. Nf4 exf5 54. gxf5 Nc7 55. Ke4 Ne8 56. Kd5 Ke7 57. Kc6 Kd8 58. Nd5 Kc8 59. e6 Kd8 60. e7+ 1-0

[Event "Copenhagen Open-04 (Politiken Cup-03)"]
[Site "Copenhagen"]
[Date "1982.06.??"]
[Round "8"]
[White "Rind, Bruce"]
[Black "Brondum, Eric"]
[Result "1/2-1/2"]
[WhiteElo "2390"]
[BlackElo "2275"]
[PlyCount "82"]
[EventDate "1982.06.??"]
[EventType "swiss"]
[EventRounds "10"]
[EventCountry "DEN"]
[SourceTitle "EXT 2000"]
[Source "ChessBase"]
[SourceDate "1999.11.16"]
[SourceVersion "1"]
[SourceVersionDate "1999.11.16"]
[SourceQuality "1"]

1. Nf3 Nf6 2. c4 g6 3. g3 Bg7 4. Bg2 0-0 5. 0-0 d6 6. d4 c6 7. Nc3 Qa5 8. h3 e5 9. e4 Nbd7 10. Re1 Re8 11. Rb1 exd4 12. Nxd4 Ne5 13. Bf1 Qc5 14. Nb3 Qb6 15. Be3 Qc7 16. Nd4 a5 17. b3 h5 18. Bg2 Ned7 19. Qc2 Nc5 20. Rbd1 Bd7 21. Bf4 Rad8 22. Bg5 Bc8 23. Ndb5 Qb8 24. Nd4 Qc7 25. Be3 Re7 26. f4 Rde8 27. Bf2 Nfxe4 28. Rxe4 Nxe4 29. Nxe4 Bd7 30. c5 dxc5 31. Nxc5 h4 32. Nxd7 Rxd7 33. Nf3 hxg3 34. Bxg3 Red8 35. Rxd7 Qxd7 36. Kh2 Qd3 37. Qc5 a4 38. Qb6 a3 39. Qxb7 Qc2 40. Ng5 Rf8 41. Qb4 Qxa2 1/2-1/2

[Event "Copenhagen Open-04 (Politiken Cup-03)"]
[Site "Copenhagen"]
[Date "1982.06.??"]
[Round "2"]
[White "Rind, Bruce"]
[Black "Jensen, Allan Astrup"]
[Result "1/2-1/2"]
[WhiteElo "2390"]
[BlackElo "2245"]
[PlyCount "81"]
[EventDate "1982.06.??"]
[EventType "swiss"]
[EventRounds "10"]
[EventCountry "DEN"]
[SourceTitle "EXT 2000"]
[Source "ChessBase"]
[SourceDate "1999.11.16"]
[SourceVersion "1"]
[SourceVersionDate "1999.11.16"]
[SourceQuality "1"]

1. Nf3 d5 2. c4 e6 3. g3 c5 4. Bg2 Nc6 5. cxd5 exd5 6. d4 Nf6 7. 0-0 Bg4 8. Ne5 cxd4 9. Nxg4 Nxg4 10. e3 Nf6 11. exd4 Be7 12. Nc3 0-0 13. Be3 Qd7 14. Rc1 Rad8 15. Qa4 h6 16. Rfd1 Rfe8 17. Qb5 Bf8 18. h3 Bd6 19. Nxd5 Nxd5 20. Qxd5 Bxg3 21. Qxd7 Rxd7 22. Bxc6 bxc6 23. Rxc6 Be5 24. b3 Red8 25. Ra6 f5 26. d5 f4 27. Bxa7 Ra8 28. Re6 Bd6 29. Bd4 Rxa2 30. Rd3 Kf7 31. Re4 Ra5 32. Be5 Bxe5 33. Rxe5 Kf6 34. Rh5 g6 35. Rxh6 Rdxd5 36. Rc3 Rac5 37. Rxc5 Rxc5 38. Rh4 Kf5 39. Kg2 Rb5 40. Kf3 Rxb3+ 41. Kg2 1/2-1/2

[Event "Copenhagen Open-04 (Politiken Cup-03)"]
[Site "Copenhagen"]
[Date "1982.06.??"]
[Round "7"]
[White "Welin, Thomas"]
[Black "Rind, Bruce"]
[Result "1/2-1/2"]
[WhiteElo "2330"]
[BlackElo "2390"]
[PlyCount "63"]
[EventDate "1982.06.??"]
[EventType "swiss"]
[EventRounds "10"]
[EventCountry "DEN"]
[SourceTitle "EXT 2000"]
[Source "ChessBase"]
[SourceDate "1999.11.16"]
[SourceVersion "1"]
[SourceVersionDate "1999.11.16"]
[SourceQuality "1"]

1. c4 c5 2. Nf3 Nf6 3. Nc3 e6 4. g3 b6 5. Bg2 Bb7 6. 0-0 a6 7. Re1 Be7 8. e4 d6 9. d4 cxd4 10. Nxd4 Qc7 11. b3 0-0 12. Bb2 Nbd7 13. f4 Rfd8 14. Kh1 Bf8 15. f5 Re8 16. fxe6 fxe6 17. Re3 Ne5 18. Bh3 Bc8 19. Qe2 Qf7 20. Rf1 Qg6 21. Nf3 Qh6 22. Nxe5 Qxh3 23. Rxf6 gxf6 24. Ng4 Bg7 25. Nd1 e5 26. Ndf2 Bxg4 27. Nxg4 Kh8 28. Rd3 Qh5 29. Qf3 f5 30. Qxf5 Qh3 31. Ne3 Qh6 32. Qf3 1/2-1/2

[Event "Lone Pine op Louis D. Statham Masters"]
[Site "Lone Pine"]
[Date "1980.03.25"]
[Round "9"]
[White "Ginsburg, Mark"]
[Black "Rind, Bruce"]
[Result "0-1"]
[WhiteElo "2370"]
[BlackElo "2395"]
[PlyCount "100"]
[EventDate "1980.03.17"]
[EventType "swiss"]
[EventRounds "9"]
[EventCountry "USA"]
[SourceTitle "MCD"]
[Source "ChessBase"]
[SourceDate "1999.07.01"]
[SourceVersion "1"]
[SourceVersionDate "1999.07.01"]
[SourceQuality "1"]

1. e4 c5 2. f4 g6 3. Nf3 Bg7 4. Nc3 Nc6 5. Bb5 Nd4 6. Bd3 d6 7. Nxd4 cxd4 8. Ne2 Nf6 9. b3 Qb6 10. a4 0-0 11. a5 Qc7 12. 0-0 Bd7 13. Bb2 Bc6 14. Ng3 Nd7 15. Qe1 Nc5 16. Bc4 Nxe4 17. Nxe4 d5 18. d3 dxc4 19. bxc4 e6 20. Nd2 Rfe8 21. Qh4 b6 22. axb6 axb6 23. Nb3 b5 24. Bxd4 bxc4 25. Bxg7 Kxg7 26. dxc4 Be4 27. Rae1 Qxc4 28. Nd2 Qd4+ 29. Rf2 Bxc2 30. Nf3 Qc3 31. Rfe2 Bb3 32. Re3 Qb2 33. f5 Bd5 34. fxe6 fxe6 35. R1e2 Ra1+ 36. Kf2 Qf6 37. Qg4 Rc1 38. Re5 Rf8 39. R2e3 Rc4 40. Qg3 Ra8 41. Re2 Ra3 42. Qg5 Rxf3+ 43. gxf3 Qxf3+ 44. Ke1 Qh1+ 45. Kf2 Qf3+ 46. Ke1 Qh1+ 47. Kf2 Qf3+ 48. Ke1 Qh1+ 49. Kf2 Rc7 50. Qd2 Qg2+ 0-1

[Event "Lone Pine op Louis D. Statham Masters"]
[Site "Lone Pine"]
[Date "1980.03.23"]
[Round "7"]
[White "Rind, Bruce"]
[Black "Lein, Anatoly"]
[Result "0-1"]
[WhiteElo "2395"]
[BlackElo "2520"]
[PlyCount "88"]
[EventDate "1980.03.17"]
[EventType "swiss"]
[EventRounds "9"]
[EventCountry "USA"]
[SourceTitle "MCD"]
[Source "ChessBase"]
[SourceDate "1999.07.01"]
[SourceVersion "1"]
[SourceVersionDate "1999.07.01"]
[SourceQuality "1"]

1. c4 g6 2. Nc3 Bg7 3. g3 Nf6 4. Bg2 0-0 5. d4 d6 6. Nf3 Nc6 7. 0-0 Nd7 8. Bg5 h6 9. Be3 Kh7 10. Rc1 e6 11. b3 Ne7 12. Rc2 f5 13. Bc1 Nf6 14. Bb2 Bd7 15. Ne1 Rb8 16. Nd3 a6 17. e4 fxe4 18. Nxe4 Nf5 19. Nf4 Qe8 20. Re1 Qf7 21. Rce2 Rfe8 22. Nd2 b6 23. Nf1 c5 24. dxc5 bxc5 25. Ne3 Nd4 26. Rd2 a5 27. Ne2 e5 28. Nc3 a4 29. bxa4 Be6 30. Nb5 Rbd8 31. Qc1 h5 32. a5 h4 33. Rdd1 Bh6 34. Nxd4 cxd4 35. Bxd4 exd4 36. Rxd4 hxg3 37. hxg3 Ng4 38. f4 Bg7 39. Re4 Nf6 40. Rd4 Nh5 41. Rd3 Nxg3 42. Nd5 Nh5 43. a6 Bf5 44. Rdd1 Qa7+ 0-1

[Event "Manchester Benedictine op 3rd"]
[Site "Manchester"]
[Date "1980.??.??"]
[Round "9"]
[White "Davies, Nigel Rodney"]
[Black "Rind, Bruce"]
[Result "1-0"]
[WhiteElo "2220"]
[BlackElo "2395"]
[PlyCount "123"]
[EventDate "1980.09.03"]
[EventType "swiss"]
[EventRounds "9"]
[EventCountry "ENG"]
[SourceTitle "EXT 1999"]
[Source "ChessBase"]
[SourceDate "1998.11.16"]
[SourceVersion "1"]
[SourceVersionDate "1998.11.16"]
[SourceQuality "1"]

1. e4 c5 2. Nf3 d6 3. Bb5+ Bd7 4. Bxd7+ Nxd7 5. 0-0 Ngf6 6. d3 e6 7. Nc3 Be7 8. Ne1 Rb8 9. a4 a6 10. f4 b5 11. axb5 axb5 12. f5 b4 13. fxe6 fxe6 14. Ne2 Ne5 15. Nf4 Qd7 16. Nf3 Nxf3+ 17. Qxf3 e5 18. Nd5 0-0 19. Qf5 Rb7 20. Qxd7 Rxd7 21. Nb6 Rb7 22. Ra6 b3 23. c3 Rfb8 24. Nc4 d5 25. exd5 Nxd5 26. Bd2 Bf6 27. g3 Rd7 28. Rfa1 Ne7 29. Ra8 Rbd8 30. g4 Bh4 31. Nxe5 Rd5 32. c4 R5d6 33. Be3 Nc8 34. Bxc5 Re6 35. d4 Bf6 36. R1a6 Ree8 37. Rc6 Ne7 38. Rxd8 Rxd8 39. Rd6 Rc8 40. Re6 Bxe5 41. Rxe7 Bf6 42. Rb7 Rd8 43. Rxb3 Bxd4+ 44. Bxd4 Rxd4 45. Rc3 Rxg4+ 46. Kf2 Kf7 47. b3 Ke6 48. Rd3 Rg5 49. h3 Ra5 50. Ke3 Ra1 51. Kd2 g5 52. c5 h5 53. b4 h4 54. c6 Ra2+ 55. Kd1 Ra1+ 56. Kc2 Ra2+ 57. Kb3 Ra1 58. b5 Rc1 59. Kb4 Ke5 60. Ka5 Ke4 61. Rb3 Kd5 62. Kb6 1-0